Normal view MARC view
  • Morrow, John,

Entry Personal Name

Number of records used in: 2

001 - CONTROL NUMBER

  • control field: 37023

003 - CONTROL NUMBER IDENTIFIER

  • control field: OSt

005 - DATE AND TIME OF LATEST TRANSACTION

  • control field: 20141223102024.0

008 - FIXED-LENGTH DATA ELEMENTS

  • fixed length control field: 141223|| aca||aabn | a|a d

040 ## - CATALOGING SOURCE

  • Original cataloging agency: OSt

100 1# - HEADING--PERSONAL NAME

  • Personal name: Morrow, John,
  • Titles and other words associated with a name: Ph. D.

400 1# - SEE FROM TRACING--PERSONAL NAME

  • Personal name: Morrow, J. |q (John),
  • Titles and other words associated with a name: Ph. D.